|
|
|
|
| LEADER |
00000nam a22000007a 4500 |
| 005 |
20161205001955.0 |
| 007 |
cr|||| |||| |
| 008 |
161205s2015 co |||||s|||| 00||0 spa d |
| 020 |
|
|
|a 978-958-738-638-7
|
| 035 |
|
|
|a 14565
|
| 040 |
|
|
|a vLex
|
| 090 |
|
|
|c 6425
|d 6425
|
| 100 |
1 |
|
|a Mercado Gazabn̤, Ana Carolina
|
| 245 |
1 |
2 |
|a La influencia de Len̤ Duguit en la reforma social de 1936 en Colombia
|h [Recurso electrn̤ico] /
|c Ana Carolina Mercado Gazabn̤
|
| 256 |
|
|
|a Servicio en ln̕ea
|
| 260 |
|
|
|a Bogot:̀
|b Editorial Universidad de Rosario (Colombia),
|c 2015
|
| 300 |
|
|
|a 1 recurso electrn̤ico
|
| 500 |
|
|
|a Este texto muestra la sl̤ida influencia de la corriente doctrinal del profesor francš Len̤ Duguit (1859-1928) en la reforma constitucional colombiana de 1936, desde tres perspectivas: el sistema jurd̕ico, la funcin̤ social de la propiedad y los servicios pb︢licos. Para el primer tercio del siglo XX, en Colombia, al igual que suceda̕ en Norteamřica y los pas̕es europeos que encauzaban nuestra tradicin̤ jurd̕ica, las tesis individualistas sobre el modelo del Estado y el derecho haba̕n envejecido y se planteaban nuevas interpretaciones del sistema jurd̕ico imperante y del papel del Estado en la sociedad.
|
| 506 |
1 |
|
|a Disponible solo en los productos indicados
|d vLex Global
|d vLex Global (Academic Edition, excluding Law Schools)
|d vLex Global (U.S. Academic Edition, Law Schools)
|d vLex Global (U.S. Academic Edition, excluding Law Schools)
|d vLex Global (Academic Edition, Law Schools)
|
| 650 |
0 |
4 |
|a Derecho Civil
|z Colombia
|
| 650 |
0 |
4 |
|a Derecho Constitucional
|z Colombia
|
| 740 |
0 |
|
|a vLex Libros (Servicio en ln̕ea)
|
| 856 |
4 |
0 |
|u http://vlex.com/source/influencia-de-leon-duguit-en-la-reforma-social-de-1936-en-colombia-14565
|z Acceso restringido
|
| 942 |
|
|
|c BOOK
|
| 999 |
0 |
|
|a Civil Law
|
| 999 |
0 |
|
|a Constitutional Law
|